007810000a22002170004500003001100000005001700011008004100028020001500069040003900084041000800123082001600131100001800147245010000165260003000265300006400295490002700359650006500386942000700451952009000458999001500548LK-CoMWRAF20231024115236.0230817t1992 ||||| |||| 00| 0 eng d a0415905990 aLK-CoMWRAFdLK-CoMWRAFeLK-CoMWRAF aeng a305.42bRYA aRyan, Barbara aFeminism and the women's movement:bdynamics of change in social movement ideology and activism aLondon:bRoutledge,c1992 axii. 203 p. : ill. ; 22cm.bBibliography and index included aPerspectives on gender aFEMINISM-UNITED STATES-History-19th century and 20th century cBK 00104070aMAINbMAINd2023-08-17l0o305.42 RYApRAF200r2023-08-17w2023-08-17yBK c1392d1392